1500 1321 1614 1717 1492 1127 1672 1762 1184 1362 1097 1592 1298 1976 1053 1686 1314 1715 1102 1427 1329 1767 1911 1242 1670 1111 1055 1431 1684 1102 1435 1291 1796 1678 1437 1493 1660 1767 1788 1665 1614 1223 1480 1023 1062 1902 1915 1247 1198 1609 1029 1402 1361 1260 1177 1606 1702 1461 1485 1345 1611 1044 1440 1235 1216 1274 1946 1936 1845 1455 1121 1814 1891 1004 1758 1923 1597 1894 1259 1676 1973 1722 1627 1224 1854 1493 1741 1798 1580 1006 1152 1707 1896 1786 1729 1630 1412 1619 1009 BCNSPRNW ULIB Ver.6.0+V

เปลี่ยนเป็นภาษาไทย

Change to English
 แสดงรายละเอียดบรรณานุกรม
  กลับหน้าหลัก

Brief Record : Get Marc (ISO 2709) : E-mail record : QR code < ปิดหน้าต่าง
LEADER : 00000nam 2200000uu 4500
001    13399109901
003     ULIB
008    110418s2552||||th 000 0 tha d
020    9786117183232
060 04 WE103^bส739ก 2552
245 00 การเดิน การเคลื่อนย้ายตัว และอุปกรณ์ช่วย /^cสุกัลยาอมตฉายา, วรวรรณ คำฤาชา, บรรณาธิการ
250    พิมพ์ครั้งที่ 1
260    ขอนแก่น :^bสายวิชากายภาพบำบัด คณะเทคนิคการแพทย์มหาวิทยาลัยขอนแก่น,^c2552
300    ก-ถ, 219 หน้า :^bภาพประกอบ ;^c27 ซม.
504    มีบรรณานุกรมและดรรชนี
536    ได้รับทุนสนับสนุนการผลิตตำรา มหาวิทยาลัยขอนแก่น พ.ศ. 2549ลำดับที่ 10
650  7 กายภาพบำบัด
650  7 การเคลื่อนไหวของมนุษย์
650  7 การเดิน
650  7 การฟื้นฟูสมรรถภาพ
700 0  สุกัลยา อมตฉายา^eบรรณาธิการ
700 0  วรวรรณ คำฤาชา^eบรรณาธิการ
710 2  มหาวิทยาลัยขอนแก่น. ^bคณะเทคนิคการแพทย์.^bสายวิชากายภาพบำบัด
945    ^p300^l0^i028122
945    ^p300^l0^i028120
945    ^p300^l0^i028121
995    ทศพร
999 ^a ใช้งานได้ทุกระบบ
รายการนี้ยังไม่มีแท็ก
คุณยังไม่ได้ล็อกอิน คุณสามารถมีกิจกรรมร่วมกับเว็บไซต์ได้ แต่ต้องล็อกอินก่อน ::
  ล็อกอิน

รายการสื่อสารสนเทศ

ลำดับที่ ประเภท เลขเรียก/บาร์โค้ด สถานที่ สถานะ
- ไม่พบข้อมูล -

รายการใกล้เคียง
    หัวเรื่อง [กายภาพบำบัด]
    หัวเรื่อง [การเคลื่อนไหวของมนุษย์]
    หัวเรื่อง [การเดิน]
    หัวเรื่อง [การฟื้นฟูสมรรถภาพ]

BibComment


ยังไม่เคยถูกคอมเมนท์

คอมเมนท์ทรัพยากรรายการนี้
  คอมเมนท์: การเดิน การเคลื่อ..


 Copyright 2026. Bcnsprnw @Library